000 00383nam a2200133Ia 4500
008 240126s9999 xx 000 0 und d
041 _aEnglish
245 0 _aICFAI Journal of Financial Economics (2005 - 2011)
260 _bICFAI
_aHyderabad
440 _aNULL
650 _aICFAI,Financial,Economics,(2005,-,Management,economics
650 _aManagement, economics
942 _cJN
999 _c265225
_d265225